000 005360000a22001570004500
008 100903t xxu||||| |||| 00| 0 eng d
082 _a26883
090 _c26883
_d26883
100 _aBwire, Mathias
_946695
245 _aAn empirical study of quality of customer services offered at CERUDEB /
_cBwire Mathias
260 _aNkozi :
_bUganda Martyrs University,
_c2002
300 _a[7], 59 p. ;
_c30 cm.
500 _aMaster of Business Administration and Management
650 _aCustomer serivice
_946696
942 _cMASTER DIS
_2ddc
999 _c26883
_d26883